000 00401cam a2200157ua 4500
041 _aeng
_h
082 _a822
_bSHA/ME
100 _aShakespeare, William.
245 _aMerchant of Venice /
_cWillam Shakespeare.
_hTextual Documents
260 _aLondon :
_bCambridge at the University Press ,
_c1958.
300 _a95 ; .
504 _a
942 _cBK
999 _c501
_d501